| 000 | 01283nam a2200265 4500 | ||
|---|---|---|---|
| 001 | 9160 | ||
| 010 | _a978-9938-79-671-1 | ||
| 090 | _a9160 | ||
| 099 | _tLIVR | ||
| 100 | _a20251023d u||y0frey5050 ba | ||
| 101 | _afre | ||
| 102 | _aTN | ||
| 200 |
_aTozeur, chroniques d'une villes des sables _bLIVR _fAlya Hamza _gFeryel Lakhdhar _gOlivier Poivre d'Arvor |
||
| 210 |
_aTunis _cSimpact _dJanvier 2025 |
||
| 215 |
_a112 p. _cCouv. Ill. Coul. _d15 x 21 |
||
| 330 | _a"Beaucoup d’histoires croustillantes du fond des traditions « Tozeuriennes ». Des histoires racontées avec beaucoup de poésie, mais cette fois Alya Hamza a mêlé à sa poésie beaucoup de maturité, beaucoup de narration pleine de tendresse et d’humour aussi. Ce qui nous donne au final un ensemble de chroniques qui se dévorent comme un roman…" Par Salem Trabelsi Publié dans le journal La Presse le 21 février 2025 | ||
| 606 |
_aPatrimoine _xFolklore _924484 |
||
| 607 |
_a Tozeur _xVie Quotidienne _yTunisie _924485 |
||
| 607 |
_aAtlas _xTozeur _ySahara _924486 |
||
| 607 |
_aTozeur _xOasis _yJérid _924487 |
||
| 700 |
_4070 _aHamza _bAlya _924488 |
||
| 701 |
_4440 _aLakhdhar _bFeryel _924489 |
||
| 701 |
_4080 _aPoivre d'Arvor _bOlivier _924490 |
||
| 801 |
_aTN _b32BIS _c20251023 _gUNIMARC |
||
| 830 | _aABA | ||